Aplikácia hotelových štandardov vo vybranom ubytovacom zariadení diplomová práca

Salvato in:
Dettagli Bibliografici
Autore principale: Ďurišová, Dominika
Ente Autore: Obchodná fakulta EU. Katedra služieb a cestovného ruchu - zrušené
Altri autori: Valenteová, Katarína
Natura: Libro
Lingua:slovacco
Pubblicazione: Bratislava 2017
Tags: Aggiungi Tag
Nessun Tag, puoi essere il primo ad aggiungerne!!

MARC

LEADER 00000nbm a2200000 4500
001 0230764
005 20170814111448.9
041 0 |a slo 
044 |a SK 
245 1 0 |a Aplikácia hotelových štandardov vo vybranom ubytovacom zariadení  |b diplomová práca  |c Dominika Ďurišová ; školiteľ: Katarína Valenteová 
264 1 |a Bratislava  |c 2017 
300 |a 55 s. 
100 1 |a Ďurišová, Dominika 
700 1 |a Valenteová, Katarína 
710 2 |a Obchodná fakulta EU. Katedra služieb a cestovného ruchu - zrušené